[Event "COL-ch U26 (Women)"]
[Site "Cali"]
[Date "2022.09.29"]
[Round "4"]
[White "Castano Herrera, Saray"]
[Black "Hoyos Garces, Rosana"]
[Result "0-1"]
[WhiteElo "1636"]
[BlackElo "1740"]
[PlyCount "70"]
[EventDate "2022.09.28"]
[EventType "swiss"]
[EventRounds "6"]
[EventCountry "COL"]
[SourceTitle "CBM 210 Extra"]
[Source "ChessBase"]
[SourceDate "2022.11.30"]
[SourceVersion "1"]
[SourceVersionDate "2022.11.30"]
[SourceQuality "1"]

1. d4 g6 2. e4 Bg7 3. Nc3 a6 4. f4 d6 5. Nf3 e6 6. Be3 Ne7 7. Be2 b5 8. a3 Bb7 9. 0-0 Nd7 10. e5 Nb6 11. exd6 Qxd6 12. Qd2 Rd8 13. Rad1 Nf5 14. Ne5 0-0 15. Qc1 f6 16. Nf3 Rd7 17. g4 Ne7 18. Bf2 Qc6 19. a4 b4 20. a5 bxc3 21. axb6 cxb2 22. Qxb2 cxb6 23. Be3 Nd5 24. Bd2 b5 25. Kf2 Nb6 26. Ne1 e5 27. Bf3 e4 28. Be2 f5 29. c3 Nc4 30. Bxc4+ Qxc4 31. Be3 Rc8 32. Rc1 a5 33. g5 Ba6 34. Ng2 Rdc7 35. Rfe1 a4 0-1

[Event "Antioquia op"]
[Site "Antioquia"]
[Date "2020.03.06"]
[Round "6"]
[White "Garcia Alarcon, Alvaro"]
[Black "Hoyos Garces, Rosana"]
[Result "1-0"]
[WhiteElo "2088"]
[BlackElo "1812"]
[PlyCount "65"]
[EventDate "2020.03.03"]
[EventType "swiss"]
[EventRounds "9"]
[EventCountry "COL"]
[SourceTitle "CBM 195 Extra"]
[Source "ChessBase"]
[SourceDate "2020.05.31"]
[SourceVersion "1"]
[SourceVersionDate "2020.05.31"]
[SourceQuality "1"]

1. e4 e5 2. Nc3 Nf6 3. f4 d6 4. Nf3 Bg4 5. h3 Bxf3 6. Qxf3 Nc6 7. Bb5 Be7 8. fxe5 dxe5 9. Bxc6+ bxc6 10. d3 Rb8 11. 0-0 0-0 12. Ne2 Ne8 13. b3 g6 14. g4 Ng7 15. Be3 a6 16. Qg3 Bd6 17. Rf2 Qe7 18. Raf1 a5 19. a4 Qd7 20. Kh1 Kh8 21. Bh6 Rbe8 22. Rf6 Re6 23. Qf2 Kg8 24. Ng3 Ne8 25. Rxe6 Qxe6 26. Bxf8 Bxf8 27. Kg2 Kg7 28. Qe3 Bb4 29. Rf3 Bc3 30. Qg5 f6 31. Qe3 Bd4 32. Qe1 Bb6 33. Qd2 1-0

[Event "COL Intercollegiate-ch blitz U18 Girls"]
[Site "Paipa"]
[Date "2019.12.15"]
[Round "12"]
[White "Carranza Pineda, Laura Vanessa1111"]
[Black "Hoyos Garces, Rosana"]
[Result "0-1"]
[WhiteElo "1258"]
[BlackElo "1426"]
[PlyCount "80"]
[EventDate "2019.12.15"]
[EventType "swiss (blitz)"]
[EventRounds "12"]
[EventCountry "COL"]
[SourceTitle "CBM 193 Extra"]
[Source "ChessBase"]
[SourceDate "2020.01.31"]
[SourceVersion "1"]
[SourceVersionDate "2020.01.31"]
[SourceQuality "1"]

1. e4 e5 2. Nf3 Nf6 3. Nc3 Nc6 4. Bc4 Nxe4 5. Nxe4 d5 6. Bd3 dxe4 7. Bxe4 Bd6 8. 0-0 0-0 9. d3 Bg4 10. h3 Bh5 11. Bg5 f6 12. Bd5+ Kh8 13. Bh4 Nd4 14. c3 Nf5 15. Bg3 Bc5 16. Kh1 Qxd5 17. c4 Qc6 18. a3 Bxf3 19. gxf3 Nd4 20. Kg2 Rae8 21. h4 f5 22. h5 Qf6 23. Rh1 f4 24. Bh4 Qf5 25. b4 Be7 26. Qg1 Bxh4 27. Rxh4 Qg5+ 28. Rg4 Qxh5 29. Qh2 Qxh2+ 30. Kxh2 Nxf3+ 31. Kg2 Nd4 32. Rh1 h6 33. Rg6 f3+ 34. Kg3 Ne2+ 35. Kh4 Kh7 36. Kh5 Rf5+ 37. Rg5 Rxg5+ 38. Kh4 Rf8 39. Kh3 Rh5+ 40. Kg4 Ra8 0-1

[Event "COL Intercollegiate-ch U18 Girls"]
[Site "Paipa"]
[Date "2019.12.06"]
[Round "1"]
[White "Hoyos Garces, Rosana"]
[Black "Sabogal Varela, Erika Tatiana"]
[Result "1-0"]
[WhiteElo "1812"]
[BlackElo "1140"]
[PlyCount "47"]
[EventDate "2019.12.06"]
[EventType "swiss"]
[EventRounds "7"]
[EventCountry "COL"]
[SourceTitle "CBM 193 Extra"]
[Source "ChessBase"]
[SourceDate "2020.01.31"]
[SourceVersion "1"]
[SourceVersionDate "2020.01.31"]
[SourceQuality "1"]

1. d4 Nf6 2. c4 d5 3. e3 Bf5 4. Nc3 e6 5. Bd3 Bxd3 6. Qxd3 Nc6 7. Nf3 dxc4 8. Qxc4 Bd6 9. 0-0 a6 10. e4 e5 11. d5 Ne7 12. b3 c6 13. dxc6 Nxc6 14. Rd1 h6 15. Ba3 Na5 16. Qe2 Qc8 17. Bxd6 b5 18. Bxe5 Qe6 19. Nd5 Nxd5 20. exd5 Qe7 21. d6 Qe6 22. d7+ Kd8 23. Qe4 Ra7 24. Rac1 1-0

[Event "COL pre olympic sf3"]
[Site "Cartagena"]
[Date "2019.08.15"]
[Round "3"]
[White "Hoyos Garces, Rosana"]
[Black "Mateus, Martha"]
[Result "0-1"]
[WhiteElo "1785"]
[BlackElo "2115"]
[PlyCount "62"]
[EventDate "2019.08.14"]
[EventType "swiss"]
[EventRounds "10"]
[EventCountry "COL"]
[SourceTitle "EXT 2020"]
[Source "ChessBase"]
[SourceDate "2019.10.17"]
[SourceVersion "1"]
[SourceVersionDate "2019.10.17"]
[SourceQuality "1"]

1. Nf3 d5 2. d4 Nf6 3. c4 e6 4. Nc3 c5 5. cxd5 exd5 6. dxc5 Bxc5 7. e3 Nc6 8. Bb5 0-0 9. Bxc6 bxc6 10. 0-0 Bg4 11. Qc2 Bd6 12. Ne2 c5 13. Rd1 Rc8 14. Qd3 Bb8 15. Nd2 c4 16. Qd4 Bxe2 17. Re1 Bd3 18. Nf3 Qd6 19. Qh4 Be4 20. Nd4 Rfe8 21. f4 a6 22. Bd2 Ba7 23. Bc3 Bxd4 24. Bxd4 Nd7 25. g4 f6 26. Kf2 Nc5 27. Rg1 Nd3+ 28. Kf1 Rb8 29. g5 f5 30. g6 h6 31. Ke2 Rxb2+ 0-1

[Event "COL-ch U16 Girls"]
[Site "Cali"]
[Date "2019.06.23"]
[Round "8.5"]
[White "Hoyos Garces, Rosana"]
[Black "Olier Robayo, Mishelle Dayana"]
[Result "1-0"]
[WhiteElo "1571"]
[BlackElo "1374"]
[PlyCount "45"]
[EventDate "2019.06.19"]
[EventType "tourn"]
[EventRounds "9"]
[EventCountry "COL"]
[SourceTitle "CBM 191 Extra"]
[Source "ChessBase"]
[SourceDate "2019.09.30"]
[SourceVersion "1"]
[SourceVersionDate "2019.09.30"]
[SourceQuality "1"]

1. e4 c5 2. Nf3 d6 3. d3 Nc6 4. g3 e5 5. Bg2 Be7 6. 0-0 f5 7. c3 Nf6 8. Qe2 0-0 9. Nbd2 Qe8 10. Ne1 Nd8 11. Nc2 Rb8 12. Ne3 f4 13. Nd5 Nxd5 14. exd5 Nf7 15. gxf4 exf4 16. Re1 Ne5 17. Nf3 Nxf3+ 18. Qxf3 g5 19. Bh3 Bxh3 20. Qxh3 Qf7 21. Re6 h5 22. Rh6 h4 23. Re6 1-0

[Event "COL-ch U16 Girls"]
[Site "Cali"]
[Date "2019.06.19"]
[Round "1.4"]
[White "Hoyos Garces, Rosana"]
[Black "Ruiz Jaraba, Valentina Sofia"]
[Result "1/2-1/2"]
[WhiteElo "1571"]
[BlackElo "1562"]
[PlyCount "28"]
[EventDate "2019.06.19"]
[EventType "tourn"]
[EventRounds "9"]
[EventCountry "COL"]
[SourceTitle "CBM 191 Extra"]
[Source "ChessBase"]
[SourceDate "2019.09.30"]
[SourceVersion "1"]
[SourceVersionDate "2019.09.30"]
[SourceQuality "1"]

1. d4 Nf6 2. c4 g6 3. Nc3 Bg7 4. e4 d6 5. Nf3 0-0 6. Be2 Nbd7 7. Nd2 e5 8. d5 a5 9. h4 h5 10. Nf3 Nc5 11. Bg5 Qd7 12. Nd2 Nh7 13. Be3 Nf6 14. f3 b6 1/2-1/2

[Event "COL pre olympic sf2"]
[Site "Palmira"]
[Date "2019.06.02"]
[Round "8"]
[White "Gomez Barrero, Sergio"]
[Black "Hoyos Garces, Rosana"]
[Result "1-0"]
[WhiteElo "2011"]
[BlackElo "1611"]
[PlyCount "50"]
[EventDate "2019.05.29"]
[EventType "swiss"]
[EventRounds "10"]
[EventCountry "COL"]
[SourceTitle "CBM 190 Extra"]
[Source "ChessBase"]
[SourceDate "2019.07.15"]
[SourceVersion "1"]
[SourceVersionDate "2019.07.15"]
[SourceQuality "1"]

1. e4 e5 2. Nf3 Nf6 3. Bc4 Nc6 4. Nc3 Nxe4 5. Bxf7+ Kxf7 6. Nxe4 d5 7. Neg5+ Kg8 8. d4 h6 9. Nh3 Bg4 10. dxe5 Nxe5 11. Nhg1 Bc5 12. Bf4 Nxf3+ 13. gxf3 Qe7+ 14. Kf1 Be6 15. Qd3 Rf8 16. Bg3 h5 17. h4 Rh6 18. Kg2 Rhf6 19. Nh3 Bxh3+ 20. Rxh3 Qf7 21. Be5 Rf5 22. Bc3 d4 23. Bd2 Rf6 24. Bg5 Rg6 25. Re1 Re8 1-0